Movies Quiz

Random Movies or Numbers Quiz

Number Movies Quiz Stats

 Plays Quiz Updated Jan 22, 2015

Score 0/41 Timer 08:00
0 Plays Today
Year Movie % Correct
20028 Mile
67.5%
1995Se7en
64.5%
2006300
64.5%
197910
62.5%
2001Ocean’s 11
50.4%
1984Sixteen Candles
48.3%
2005The 40-Year-Old Virgin
43.5%
2004Million Dollar Baby
42%
200413 Going On 30
38.7%
199910 Things I Hate About You
38.3%
200450 First Dates
32.7%
2007The Number 23
31.3%
2000Gone in Sixty Seconds
28.8%
200240 Days and 40 Nights
26.9%
1994Four Weddings and a Funeral
25.5%
1995Nine Months
23.2%
200028 Days
22.1%
199512 Monkeys
20.6%
1995Apollo 13
17.3%
19873 Men and a Baby
17.2%
1996101 Dalmatians
16.8%
Year Movie % Correct
198248 Hrs.
13%
1998Six Days, Seven Nights
12.7%
195712 Angry Men
12.5%
19998mm
12.2%
1960The Magnificent Seven
10.5%
1992Passenger 57
9.2%
2000The Whole Nine Yards
8.5%
2004Ladder 49
8.5%
1999Three Kings
8.4%
20073:10 To Yuma
7.4%
1986Three Amigos!
6.6%
1963
5.5%
2010127 Hours
4.5%
1956Around the World in Eighty Days
4.4%
1987Less Than Zero
4%
1970Catch-22
3.4%
1957The Three Faces of Eve
3%
20013000 Miles to Graceland
2.5%
1993The Three Musketeers
2.4%
1966Fahrenheit 451
1.4%

You're not logged in!

Compare scores with friends on all Sporcle quizzes.
OR
Log In

Sporcle TV

Today on Sporcle TV


Watch our educational content, quiz creation guides, and fun videos on Sporcle TV.

Show Comments

Extras

Top Quizzes Today


Score Distribution

Your Account Isn't Verified!

In order to create a playlist on Sporcle, you need to verify the email address you used during registration. Go to your Sporcle Settings to finish the process.

Report this User

Report this user for behavior that violates our Community Guidelines.

Details: